000 00684 a2200205 4500
020 _a0471000051
020 _a9780471000051
082 0 4 _a517
090 _c825
_d825
100 1 _aApostol, Tom M.
245 1 0 _aCalculus.
_nVol. 1 :
_bone-variable calculus with an introduction to linear algebra /
_cTom M. Apostol.
250 _a2nd ed.
260 _a[S.l.] :
_bWiley,
_c2005
300 _a666 p. ;
_c26 cm.
490 1 _aSecond edition) (volume 1.
700 _aApostol, Tom M.
830 0 _aSecond edition) (volume 1.
942 _aSNS
_cBK
_k517 APO
999 _c191651
_d191651